| 000 | 00803nam a22001577a 4500 | ||
|---|---|---|---|
| 003 | OSt | ||
| 005 | 20151214085644.0 | ||
| 008 | 151214b xxu||||| |||| 00| 0 eng d | ||
| 040 | _cRUA | ||
| 082 | _aATM LON 2004 B206 Or.1 | ||
| 100 |
_94784 _aLONG, SOVANNA. |
||
| 245 | _aA study on the effect of using organic and chemical fertilizer in different rate on cabbage crop in kampong cham province (ការសិក្សាអំពីប្រសិទ្ធភាពនៃការប្រើប្រាស់ជីសរីរាង្កនិងជីគីមីក្នុងកំរិតផ្សេងៗលើដំណាំស្ពៃក្ដោបនៅខេត្តកំពង់ចាម) | ||
| 260 |
_aPhnom Penh _bRUA _c2004 |
||
| 300 |
_ax, 45p. _bill. _c29cm. |
||
| 942 |
_2ddc _cATM |
||
| 999 |
_c4459 _d4459 |
||